000 01124nam a2200265 a 4500
001 21355
003 CO-ViMGA
008 141112s2004 ck r 000 u spa d
020 _a9706861130
040 _aCO-ViMGA
_bspa
_cCO-ViMGA
082 0 4 _a150 N937t
100 1 _aNye, Robert D.
_930479
245 1 0 _aTres psicologías :
_bPerspectivas de Freud, Skinner y Rogers
250 _a6
260 _aMexico; Thomson,
_c2002
300 _a182
490 _aCiencias sociales y humanidades
505 _aSigmund freud y el psicoanálisis 7 - - B.F. Skinner y el conductismo radical 47 - - Carl Rogers y la fenomenología humanista 97 - - Comparaciones, contrastes, críticas y conclusiones 133
590 _aForma de adquisición : Compra fact. 0862 - - Precio : 39000 - - Proveedor : Temas y libros - - Fecha de adquisición : Mayo 2007
650 1 4 _aFREUD, SIGMUND 1856 - 1939 - CRITICA E INTERPRETACION
_930480
650 1 4 _aPSICOLOGIA
650 1 4 _aROGERS, CARL 1902 - 1987 - CRITICA E INTERPRETACION
_930481
650 1 4 _aSKINNER, BURRHUS FEDERIC 1904 - 1990 - CRITICA E INTERPRETACION
_930482
942 _2ddc
_cBK
999 _c29975
_d29975